Os sobrevientes (CD áudio) (Registo nº 202440)
[ vista simples ]
| 000 -Etiqueta do registo | |
|---|---|
| Valores | 00462nam 22001693 4500 |
| 100 ## - Dados gerais de processamento | |
| Dados gerais | 20260605d u||y0pory50 ba |
| 200 ## - Titulo e menção de responsabilidade | |
| Título próprio | Os sobrevientes (CD áudio) |
| Primeira menção de responsabilidade | Sérgio Godinho |
| 210 ## - Publicação | |
| Local de publicação | Lisboa |
| Nome do editor | Philips, Polygram Discos |
| Data de publicação | 1990 |
| 215 ## - Descrição física | |
| Outras indicações físicas | 1 disco áudio |
| 606 ## - Nome comum usado como assunto | |
| ID Autoridade | 1103 |
| Palavra de ordem | Música |
| 610 ## - Termos não controlados | |
| Palavra de ordem | musica portuguesa |
| 675 ## - CDU | |
| Notação | 78 |
| Edição | PT |
| Língua | por |
| 700 ## - Autor principal (pessoa individual) | |
| ID Autoridade | 3194 |
| Apelido | Godinho |
| Nome | Sérgio |
| Datas | 1945- |
| 801 ## - Fonte de origem | |
| País | PT |
| Agência | BMMN |
| Regras de catalogação | RPC |
| 990 ## - Elementos KOHA | |
| Tipo de documento | CD Música |
| Aquisição | Código de barras | Cota | Permissão de empréstimo | Tipo de documento | Empréstimo | Forma de aquisição |
|---|---|---|---|---|---|---|
| Biblioteca Municipal de Montemor-o-Novo | 31928 | 78 GOD (por)|DEP | CD Música | Biblioteca Municipal de Montemor-o-Novo | Compra |